LATEX : a document preparation system : user's guide and reference manual
Αποθηκεύτηκε σε:
| Κύριος συγγραφέας: | |
|---|---|
| Μορφή: | Βιβλίο |
| Γλώσσα: | English |
| Δημοσίευση: |
Reading, Mass. :
Addison-Wesley,
c1994
|
| Έκδοση: | 2nd ed. |
| Θέματα: | |
| Ετικέτες: |
Προσθήκη ετικέτας
Δεν υπάρχουν, Καταχωρήστε ετικέτα πρώτοι!
|
MARC
| LEADER | 00000nam a2200000 i 4500 | ||
|---|---|---|---|
| 001 | 1/71055 | ||
| 008 | 990301s1994 eng d | ||
| 020 | |a 0-201-52983-1 | ||
| 035 | |l 10048241 | ||
| 040 | |a GR-MY-UA |b gre |e aacr | ||
| 041 | 0 | |a eng | |
| 082 | 0 | |a 682.22544536 | |
| 100 | 1 | |a Lamport, Leslie. | |
| 245 | 1 | 0 | |a LATEX : |b a document preparation system : user's guide and reference manual / |c Leslie Lamport |
| 250 | |a 2nd ed. | ||
| 260 | |a Reading, Mass. : |b Addison-Wesley, |c c1994 | ||
| 300 | |a xvi, 272 p.; |b ill.; |c 24 cm. | ||
| 500 | |a Includes bibliographical references and index | ||
| 630 | 0 | 0 | |a LaTeX (Computer file) |
| 650 | 0 | 0 | |a Computerized typesetting. |
| 852 | |a INST |b SAMOS |e 19990301 |h 682.22544536 LAM |p 005300013245 |q 005300013245 |t BK |y 0 | ||
| 901 | |a BIBL-1999-1 | ||
| 909 | |a Σ |b 063080 | ||
| 922 | |a 3ΕΛΗ |b 199901 |c ΕΠΕΑΕΚ/ΜΑΘ |d GLORY | ||